| 000 | 00377nam a2200145Ia 4500 | ||
|---|---|---|---|
| 008 | 230917s9999||||xx |||||||||||||| ||und|| | ||
| 040 |
_e85169 _aMAIN |
||
| 041 | _aEnglish | ||
| 082 | _a340.1 P212S | ||
| 100 | _aParanjape, N V | ||
| 245 | 0 | _aStudies in jurisprudence and loyal theory | |
| 260 |
_aAllahabad _bCentral Law Agency _c1994 |
||
| 300 | _axxiv, 245 p. | ||
| 942 | _cBK | ||
| 999 |
_c83666 _d83666 |
||